000 00556nam a2200229Ia 4500
003 OSt
005 20220924150425.0
006 a|||||r|||| 00| 0
007 ta
008 220923b |||||||| |||| 00| 0 tel d
024 _a333073
037 _cTextual
040 _aARTS
_cARTS
_btel
041 _2tel
_atel
082 _aO35,1J50,1, J1
100 _aRudra
_9204113
245 0 _aNiramkuso pakhyanamu
260 _c1951
650 _aTELUGU POETRY
942 _hO35,1J50,1, J1
_cTEXL
_2CC
999 _c463275
_d463275